Quiz Pokémon en images - 4ème Génération - Statistiques

Statistiques générales
  • Ce quiz a été pris 304 fois
  • Le résultat moyen est 80 sur 107
Statistiques - réponses
Par images Réponse % Correct
Tiplouf
98%
Tortipouss
96%
Ouisticram
93%
Arceus
91%
Dialga
91%
Givrali
91%
Palkia
91%
Lucario
90%
Luxio
90%
Luxray
90%
Pingoléon
90%
Simiabraz
90%
Étourmi
88%
Giratina
88%
Phyllali
88%
Carchacrok
87%
Étourvol
87%
Torterra
87%
Darkrai
86%
Porygon-Z
86%
Lixy
85%
Apireine
84%
Blizzaroi
84%
Étouraptor
84%
Motisma
84%
Regigigas
84%
Riolu
84%
Apitrini
82%
Chimpenfeu
82%
Gallame
82%
Baudrive
81%
Castorno
81%
Keunotor
81%
Magirêve
81%
Magnézone
81%
Mustébouée
81%
Mustéflott
81%
Roserade
81%
Laporeille
80%
Créfadet
79%
Pachirisu
79%
Boskara
78%
Capidextre
78%
Créfollet
78%
Cresselia
78%
Lockpin
78%
Spiritomb
78%
Élekable
77%
Goinfrex
77%
Heatran
77%
Mammochon
77%
Pijako
77%
Prinplouf
77%
Shaymin
77%
Togekiss
77%
Blizzi
76%
Créhelf
76%
Grodrive
76%
Manaphy
76%
Mime Jr.
76%
Scorvol
76%
Corboss
75%
Dimoret
75%
Archéodong
74%
Archéomire
74%
Coatox
73%
Dinoclier
73%
Maganon
73%
Moufouette
73%
Noctunoir
73%
Rhinastoc
73%
Tarinorme
73%
Chaglam
72%
Griknot
70%
Phione
70%
Ceribou
69%
Carmache
68%
Yanmega
68%
Bouldeneu
67%
Chaffreux
66%
Bastiodon
65%
Coudlangue
65%
Hippopotas
65%
Kranidos
65%
Rozbouton
65%
Sancoki
65%
Vortente
65%
Cradopaud
64%
Moufflair
64%
Ptiravi
63%
Mélokrik
62%
Cheniti
61%
Luminéon
61%
Écayon
59%
Rapion
59%
Babimanta
58%
Tritosor
58%
Cheniselle
57%
Drascore
57%
Manzaï
57%
Ceriflor
56%
Charkos
56%
Crikzik
55%
Momartik
54%
Hippodocus
49%
Korillon
47%
Papilord
46%
Aucun quiz correspondant
Distribution des résultats
% des personnes avec chaque résultat
Percentile par nombre de réponses
Votre historique - résultats
Vous n’avez pas pris ce quiz